|
|
|
|
| LEADER |
00736cam a2200205 7i4500 |
| 001 |
0000003012 |
| 005 |
20190514090000.0 |
| 020 |
|
|
|a 9780130204578 (hbk.)
|
| 020 |
|
|
|a 0130204579 (hbk.)
|
| 090 |
0 |
0 |
|a HG3881
|b .C55 2002
|
| 100 |
1 |
|
|a Click, Reid W
|
| 245 |
1 |
4 |
|a The theory and practice of international financial management
|c Reid W. Click, Joshua D. Coval.
|
| 260 |
|
|
|a Upper Saddle River, N.J.:
|b Prentice Hall,
|c 2002.
|
| 300 |
|
|
|a xxii, 45 p.:
|b ill.;
|c 22 cm.
|
| 490 |
0 |
|
|a Prentice Hall finance series
|
| 504 |
|
|
|a Includes bibliographical references and index
|
| 650 |
0 |
0 |
|a International finance
|
| 700 |
1 |
|
|a Coval, Joshua D
|
| 997 |
|
|
|a Business & Accountancy, Faculty
|
| 999 |
|
|
|a 0000004150
|b BOK
|c OPEN SHELF
|e 1st Floor, Shah Alam
|